000 00751cam a2200241 i 4500
999 _c33757
_d33757
001 33757
003 Mx-PuUPA
005 20201006104326.0
008 140415s1971 ag a r 000 0 spa d
040 _aMX-PuUPA
_bspa
_erda
_cMx-PuUPA
_dMx-PuUPA
041 0 _aspa
100 1 _aBianchi Lischetti, Angel,
_d1886
_eautor
_96789
245 1 0 _aBiología general /
_cÁngel Gianchi Lischetti.
250 _a18a. edición
264 1 _aArgentina :
_bEl Ateneo Editorial,
_c1971
300 _a393 páginas :
_bilustraciones ;
_c27 cm.
336 _atexto
_2rdacontent
_btxt
337 _asin medio
_2rdamedia
_bn
338 _avolumen
_2rdacarrier
_bnc
650 4 _aBiología
942 _2ddc
_cLI
_h570
_iL7695